000 00998cam a22002531i 4500
003 SA-RiAUC
005 20250923061701.0
008 250810s2000 su g 00000 ara c
040 _aSA-RiAUC
_bara
_cSA-RiAUC
_erda
082 0 4 _a259
_qSA-RiAUC
090 _a259
_bب ن ب
100 1 _aبن بيه، عبد الله بن الشيخ المحفوظ،
_d1935-
_eمؤلف.
245 1 0 _aفتاوى فكرية /
_cتأليف عبد الله بن الشيخ المحفوظ بن بيه.
250 _aالطبعة الأولى.
264 1 _aجدة، السعودية :
_bدار الأندلس الخضراء للنشر والتوزيع،
_c2000.
300 _a195 صفحة ؛
_c23 سم
336 _aنص
_btxt
_2rdacontent
_3كتاب
337 _aبدون وسيط
_bn
_2rdamedia
338 _aمجلد
_bnc
_2rdacarrier
650 7 _aالفقه الإسلامي
_2aucsh
650 7 _aالأحكام الشرعية
_2aucsh
942 _2ddc
_cBOOK
_n0
949 _aSA-JeALM
_d250810
_umohamedma123
_n1
999 _c12052
_d12052